Представление документа в формате RUSMARC

ПолеНазваниеЗначение
  Тип записи a
  Библиографический уровень a
001 Контрольный номер RU/CBS_UL/BASE/551538883
005 Дата корректировки 20250124015507.1
100 Данные общей обработки __
a Данные общей обработки 20170623d2017 ||| 0rusy0189 ca
101 Язык документа 0_
a Язык текста rus
102 Страна публикации __
a Страна публикации RU
105 Кодированные данные (монография) __
a Кодированные данные (монография) y###||||000|y
200 Заглавие и сведения об ответственности 1_
a Заглавие Синдром самозванца
b Общее обозначение материала Текст
e Сведения, относящиеся к заглавию [синдром самозванца - побочный эффект успешности]
f Первые сведения об ответственности А. Легенчук
300 Общие примечания __
a Общие примечания Ограничения по возрасту - 16+
461 Уровень набора _0
1 2000
a Психология и Я
463 Уровень физической единицы _0
1 001RU/CBS_Ul/BASE/543499801
1 2000
a № 3
v С. 12-13 : фото
1 210
d 2017
606 Тематические рубрики 0_
a Основная рубрика Психология личности
610 Ключевые слова 0_
a Ключевые слова синдромы в психологии
a Ключевые слова синдром самозванца
a Ключевые слова успешность
686 Индексы других классификаций __
a Классификационный индекс 88.37
2 Код системы ББК
700 Автор _1
a Фамилия Легенчук
b Имя (инициалы) А.
801 Источник записи _0
a Страна RU
b Организация МБУК ЦБС г. Ульяновска
c Дата составления 20170623
g Правила каталогизации RCR
801 Источник записи _1
a Страна RU
b Организация МБУК ЦБС г. Ульяновска
c Дата составления 20170623
g Правила каталогизации RCR
901 Тип документа __
t Тип документа f
w Контрольный № источника RU/CBS_Ul/BASE/543499801
910 Корректоры записи __
a Корректор записи Ильина
938 Служебная информация __
a Имя БД period